Červený autobus /

Hlavní autor: Watt, Fiona, 1960-
Další autoři: Tognetti, Stefano, 1966-
Jazyk: Čeština
Vydáno: Praha : Svojtka & Co., 2014
Vydání: 1. české vyd.
Témata:
Fyzický popis: [10] s. : vše barev. il. ; 31 cm + 1 model autobusu
Knihy
Uloženo v:
LEADER 01631cam a2200445 a 4500
001 nkc20142627700
003 CZ PrNK
005 20150611075536.0
007 ta
008 140825s2014 xr a a 000 1 cze d
015 |a cnb002627700 
020 |a 978-80-256-1351-1  |q (váz.) 
035 |a (OCoLC)904578864 
040 |a ULG001  |b cze  |d BOA001  |d ABA001 
041 1 |a cze  |h eng 
072 7 |a 821-93  |x Literatura pro děti a mládež (beletrie)  |2 Konspekt  |9 26 
080 |a 821-93  |2 MRF 
080 |a (0.025.2)  |2 MRF 
080 |a (0.029)  |2 MRF 
100 1 |a Watt, Fiona,  |d 1960-  |7 ola20040302008  |4 aut 
245 1 0 |a Červený autobus /  |c [ilustrace Stefano Tognetti ; autorka Fiona Watt] 
250 |a 1. české vyd. 
260 |a Praha :  |b Svojtka & Co.,  |c 2014 
300 |a [10] s. :  |b vše barev. il. ;  |c 31 cm +  |e 1 model autobusu 
500 |a Z angličtiny přeložila Vlasta Benešová 
500 |a Kartonové listy se 4 drahami (po vylomení propojitelnými) a natahovacím modelem autobusu připevněným na přídeští 
521 8 |a Pro děti od 3 let 
655 7 |a leporela  |7 fd132727  |2 czenas 
655 7 |a puzzle  |7 fd131797  |2 czenas 
655 7 |a publikace pro děti  |7 fd133156  |2 czenas 
655 9 |a folding picture-books  |2 eczenas 
655 9 |a jigsaw puzzles  |2 eczenas 
655 9 |a children's literature  |2 eczenas 
700 1 |a Tognetti, Stefano,  |d 1966-  |7 mzk2012717207  |4 ill 
765 0 |t Wind-up bus  |9 Česky 
910 2 |a BOA001  |b 4-1339.716 
990 |a BK 
995 |a 01 
991 |b 201502  |c NOV  |e db 
996 6 |b 2610618688  |c 4-1339.716  |l MZK  |r Sklad / do 1 hodiny  |n 0  |p p.v.  |w 001483763  |u 000010  |a 1  |e BOA001  |j MZK50  |s P